000 00903nam a2200289 i 4500
003 DO-SdBNP
005 20231017114954.0
006 a||||gr|||| 00| 0
007 ta
008 231009e2017 sp ac||| |||| 00| 1 spa d
020 _a9789929559868
040 _aDO-SdBNP
_bspa
_cBNPHU
_erda
082 4 _aCR863.44
_bO66r
_222
100 1 _aOreamuno, Yolanda
_984417
_eautor
245 1 0 _aLa ruta de su evasión /
_cYolanda Oreamuno
264 1 _aGuatemala :
_bMinisterio de Cultura y Deportes ,
_c2017
300 _a305 páginas ;
_c22 cm
336 _2rdacontent
_atexto
_btxt
337 _2rdamedia
_asin medición
_bn
338 _2rdacarrier
_avolumen
_bnc
490 _aPoesia y prosa ;
_vIstmo, 1
590 _aInventariado 2023 / DG
650 4 _aNovela costarricense
_915066
650 4 _aLiteratura costarricense
_95393
910 _aDG/Validado. Control de calidad MFF
942 _2ddc
_cLBS1
999 _c55135
_d55135